01436nam a22002657a 45000010005000000030006000050050017000110080041000280200018000690400029000870500016001160820010001321000021001422450071001632500036002342600036002703000049003065200440003556500040007956500040008359420015008759990015008909520132009059520133010373059FISKH20250403085011.0240201b cb ||||| |||| 00| 0 eng d a9780500300565 aFISKHbengcFISKHdFISKH aGN281.T4613 a573.3 aThomas, Herbert  aThe first humans : bThe search for our origins /cHerbert Thomas aThis edition published in 1995  aLondon : bNew Horizons, c1994 a159 pages : bcolor illustrations ; c18 cm  aWho are we? Where did we come from? What makes us human? The whole puzzle of our early life on earth is gradually being pieced together from fragments of bone, skulls and primitive tools dispersed throughout the world. The trail leads back nearly five million years. Here is a history of human evolution that reveals the very latest finds and thinking - discoveries that can help us to understand our past, our present and even future. aArchaeologyvNon-fictionxEvolution aHuman Origins vSciencexPrehistory 2ddccBKn0 c3059d3059 00102ddc40708NFICa001b001cTKSNFd2024-02-01l0oTHO 573.3 GN281.T4613p2024-0072r2024-02-01 14:51:31t1w2024-02-01yBK 00102ddc40708NFICa001b001cATKSNFd2025-04-03l0oTHO 573.3 GN281.T4613p2025-0945r2025-04-03 08:50:09t2w2025-04-03yBK